000 00260nam a2200109Ia 4500
005 20251222153522.0
008 251222s9999||||xx |||||||||||||| ||spa||
082 _aREF.036/T34/2001
245 0 _aAlmanaque Mundial 2001
264 _bTelevisa S.A.
942 _cLIB
999 _c29772
_d29772